01164cam a22003131 4500001001300000003000400013005001700017008004100034010001700075035001900092040003100111042001200142050002200154086001600176100003900192245010900231260004800340300010000388410005600488500006100544504002800605650003200633650003500665650003700700650002000737650001800757740005800775999001700833gs 63000338 DLC20260227111413.0780320s1963 dcuabd b f000 0 eng  ags 63000338  a(OCoLC)3733436 aDLCcOClUdISSdOCoLCdDLC apremarc00aQE75b.P9 no. 3630 aI 19.16:3631 aSmith, J. Fredq(Joe Fred),d1911-10aGeology of the Capitol Reef area, Wayne and Garfield Counties, Utah;cby J. Fred Smith, Jr. [and others] aWashington,bU.S. Govt. Print. Off.,c1963. aiv, 102 p.billus., maps (part fold., 1 col., part in pocket) diagrs., profile, tables.c29 cm.20aGeological Survey (U.S.).tProfessional paper,v363 aPrepared on behalf of the U.S. Atomic Energy Commission. aBibliography: p. 96-99. 0aGeologyzUtahzWayne County 0aGeologyzUtahzGarfield County 0aUraniumzUtahzCapitol Reef area 0aRocksxAnalysis 0aBoringszUtah0 aCapitol Reef area, Wayne and Garfield Counties, Utah. c29758d29758